Harry Potter Brooms Quiz Stats

 Plays Quiz not verified by Sporcle

Support Sporcle.
Go Orange.
Score 0/26 Timer 07:00
0 Plays Today
First Apperance Broom % Correct
Prizoner of AzkabanFirebolt
97.1%
Sorcerer's StoneNimbus 2000
96.8%
Chamber of SecretsNimbus 2001
91.3%
Sorcerer's StoneCleansweep Seven
58.6%
Chamber of SecretsCleansweep Five
47.5%
Order of the PhoenixCleansweep Six
45.2%
Quidditch Through the AgesCleansweep Two
45.1%
Quidditch Through the AgesCleansweep One
45.1%
Quidditch Through the AgesCleansweep Three
43%
Chamber of SecretsShooting Star
35.6%
Sorcerer's StoneComet 260
32.9%
Order of the PhoenixCleansweep Eleven
21.7%
Prizoner of AzkabanSilver Arrow
19%
First Apperance Broom % Correct
Quidditch Through the AgesNimbus 1000
17.3%
Quidditch Through the AgesNimbus 1001
11.7%
Quidditch Through the AgesNimbus 1500
9%
Quidditch Through the AgesComet 180
8.9%
Goblet of FireBluebottle
8.4%
Quidditch Through the AgesComet 140
7.5%
Order of the PhoenixComet 290
7.5%
Quidditch Through the AgesNimbus 1700
6.8%
Quidditch Through the AgesOakshaft 79
5.9%
Quidditch Through the AgesTwigger 90
5.9%
Quidditch Through the AgesMoontrimmer
5.6%
Quidditch Through the AgesSwiftstick
5.1%
Quidditch Through the AgesTinderblast
4.8%

You're not logged in!

Compare scores with friends on all Sporcle quizzes.
OR
Log In

From the Vault

Edible Elements

by puckett86

You can fill a bowl up with rocks, but that doesn't make them food.
Remove Ads.
Support Sporcle.
Get the best of Sporcle when you Go Orange. This ad-free experience offers more features, more stats, and more fun while also helping to support Sporcle. Thank you for becoming a member.

Show Comments

Extras

Top Quizzes Today


Score Distribution

Your Account Isn't Verified!

In order to create a playlist on Sporcle, you need to verify the email address you used during registration. Go to your Sporcle Settings to finish the process.

Report this User

Report this user for behavior that violates our Community Guidelines.

Details: